[Event "AUTO-BEG-106"]
[Site "http://www.queenalice.com/game.php?id=220936"]
[Date "2007.6.5"]
[Round "1"]
[White "moma"]
[Black "Erivaldo"]
[Result "1-0"]
[WhiteElo "1317"]
[BlackElo "1197"]

1. d4 e6 2. e4 Nf6 3. e5 Ne4 4. Bd3 Nxf2 5. Kxf2 Qh4+ 6. Ke3 Qh6+ 7. Kf2 Qh4+ 8.
Kf1 Qxd4 9. Nf3 Qc5 10. Qe2 Nc6 11. Nbd2 Qe7 12. Ne4 b6 13. Bg5 1-0

[Event "AUTO-BEG-106"]
[Site "http://www.queenalice.com/game.php?id=220937"]
[Date "2007.6.5"]
[Round "1"]
[White "Erivaldo"]
[Black "moma"]
[Result "0-1"]
[WhiteElo "1183"]
[BlackElo "1328"]

1. e4 Nf6 2. Nc3 d5 3. Bd3 d4 4. Bb5+ c6 5. Bd3 dxc3 6. bxc3 e5 7. c4 Bc5 8. h3
Qd4 9. Qe2 Qxa1 10. Qd1 Be6 11. Nf3 Qxa2 12. Nxe5 O-O 0-1

[Event "Challenge"]
[Site "http://www.queenalice.com/game.php?id=661333"]
[Date "2009.10.2"]
[Round "-"]
[White "jizaias"]
[Black "Erivaldo"]
[Result "1-0"]
[WhiteElo "2000"]
[BlackElo "1124"]

1. e4 d6 2. d4 Nf6 3. Nc3 g6 4. f4 Bg7 5. Nf3 O-O 6. e5 dxe5 7. fxe5 Ng4 8. h3
Nh6 9. Bc4 e6 10. Bg5 Qe8 11. Ne4 Nd7 12. O-O b6 13. Nf6+ Nxf6 14. exf6 Bxf6 15.
Bxf6 Nf5 16. Ne5 Qa4 17. Qc1 b5 18. Rxf5 exf5 19. Qh6 Qxc2 20. Qg7# 1-0

[Event "AUTO-BEG-344"]
[Site "http://www.queenalice.com/game.php?id=662688"]
[Date "2009.10.4"]
[Round "1"]
[White "Erivaldo"]
[Black "marcotul"]
[Result "1-0"]
[WhiteElo "1193"]
[BlackElo "1551"]

1. e3 e6 2. Nc3 d5 3. d4 Bb4 4. Bd2 Na6 5. a3 Bd6 6. Nb5 Bd7 7. Nxd6+ cxd6 8.
Bd3 Qg5 9. g3 Ba4 10. e4 dxe4 11. Bxg5 f6 12. b3 Bd7 13. Bxe4 fxg5 14. Bxb7 Rb8
15. Bxa6 Ne7 16. Nf3 e5 17. Bc4 Bg4 18. h3 Bf5 19. Nxg5 h6 20. Nf7 Rf8 21. Qh5
d5 22. Rd1 Rxf7 23. Be2 Bg6 24. Qg4 e4 25. f4 1-0

[Event "AUTO-BEG-344"]
[Site "http://www.queenalice.com/game.php?id=662689"]
[Date "2009.10.4"]
[Round "1"]
[White "marcotul"]
[Black "Erivaldo"]
[Result "0-1"]
[WhiteElo "1521"]
[BlackElo "1223"]

1. e4 Nc6 2. d4 e6 3. f3 e5 4. c3 Qf6 5. Nh3 h6 6. Bc4 Na5 7. Bb5 a6 8. Ba4 Qg6
9. O-O b5 10. Bb3 Nxb3 11. Be3 Nxa1 12. b3 a5 13. dxe5 b4 14. Nf4 Qc6 15. e6
dxe6 16. cxb4 axb4 17. Nd2 Qc3 18. Qxa1 Qxe3+ 19. Kh1 Qxf4 20. Qd1 Bd6 21. g3
Qf6 22. a4 Ba6 23. Nc4 Bc5 24. e5 Qe7 25. a5 h5 0-1

[Event "AUTO-BEG-344"]
[Site "http://www.queenalice.com/game.php?id=662692"]
[Date "2009.10.4"]
[Round "1"]
[White "Erivaldo"]
[Black "rodrigomni"]
[Result "0-1"]
[WhiteElo "1179"]
[BlackElo "1365"]

1. g3 d5 2. Bg2 Be6 3. d4 Nc6 4. Nf3 Qd6 5. Bf4 Qb4+ 6. Bd2 Qxb2 7. Bc3 Qb5 8.
e3 a6 9. Bf1 Qb6 10. Nbd2 Nf6 11. h3 h6 12. Rb1 Qa7 13. Bd3 Nd7 14. Rb2 O-O-O
15. Qb1 Nb6 16. e4 Na4 17. Rb3 Nxd4 18. Nxd4 Nxc3 19. Rxc3 Qxd4 20. Rb3 b5 21.
Ra3 Qb6 22. g4 g5 23. Nf3 Bg7 24. e5 f6 25. Qb4 Bf8 26. O-O Bd7 27. Re1 e6 28.
Qb3 Bxa3 29. Qxa3 f5 30. gxf5 exf5 31. Nd2 g4 32. hxg4 fxg4 33. Nb3 g3 34. Rf1
Rhg8 35. Kg2 gxf2+ 36. Kh1 Bh3 37. Rd1 Rdf8 38. Qe7 f1=Q+ 39. Kh2 Qg2# 0-1

[Event "AUTO-BEG-344"]
[Site "http://www.queenalice.com/game.php?id=662693"]
[Date "2009.10.4"]
[Round "1"]
[White "rodrigomni"]
[Black "Erivaldo"]
[Result "0-1"]
[WhiteElo "1390"]
[BlackElo "1154"]

1. d4 e6 2. Be3 Nf6 3. Qd3 Nc6 4. Nf3 Bd6 5. Nc3 Nb4 6. Qd2 b6 7. Nb5 Nbd5 8.
Nxd6+ cxd6 9. Bg5 Qc7 10. c3 Ne4 11. Qd3 Nxg5 12. Nxg5 f6 13. Ne4 Nf4 14. Qf3 d5
15. Ng3 Ba6 16. e3 Nd3+ 17. Ke2 Ne5+ 18. Ke1 Nxf3+ 19. gxf3 Bb7 20. Rg1 Qc6 21.
Nh5 Rg8 22. Bh3 Qd6 23. f4 O-O-O 24. Nxg7 Qf8 25. Kf1 Ba6+ 26. Ke1 Rxg7 27. Kd2
Rf7 28. f5 Qh6 29. Rg3 Qh5 30. Re1 Rff8 31. fxe6 dxe6 32. Bxe6+ Kb8 33. h3 Qh4
34. Reg1 Qe4 35. Kc1 Qxe6 36. a3 Qf5 37. f4 Bc4 38. h4 Bb3 39. R1g2 Qh5 40. Kd2
Qd1# 0-1